[Event "Challenge"]
[Site "http://www.queenalice.com/game.php?id=361820"]
[Date "2008.2.27"]
[Round "-"]
[White "patrick"]
[Black "MurielleLyon"]
[Result "1-0"]
[WhiteElo "1453"]
[BlackElo "1594"]

1. e4 e5 2. Nf3 d6 3. Bc4 Nc6 4. h4 h6 5. g4 Bxg4 6. c3 Qf6 7. Kf1 Bxf3 8. Be2
Bxh1 9. Qb3 O-O-O 10. Bg4+ Kb8 11. Kg1 Bxe4 12. a4 Qxh4 13. f3 Bd3 14. a5 Qe1+
15. Kg2 Qxc1 16. a6 Bf1+ 17. Kg3 h5 18. Qxb7# 1-0

[Event "Challenge"]
[Site "http://www.queenalice.com/game.php?id=362190"]
[Date "2008.2.27"]
[Round "-"]
[White "Mike36bh"]
[Black "MurielleLyon"]
[Result "1-0"]
[WhiteElo "1775"]
[BlackElo "1603"]

1. d4 d5 2. Nc3 e6 3. a3 Nc6 4. Bf4 Nf6 5. Nf3 Nh5 6. e3 Na5 7. Bd3 Qf6 8. Be5
Qe7 9. Qe2 f6 10. Bf4 Qd7 11. h3 Bd6 12. Bxd6 Qxd6 13. e4 Nf4 14. Qf1 e5 15.
dxe5 Qc5 16. exf6 gxf6 17. exd5 Rg8 18. O-O-O Nxd5 19. Nxd5 Qxd5 20. Bg6+ Rxg6
21. Rxd5 Nc6 22. Nd4 Ne5 23. f4 Nc4 24. Qxc4 c6 25. Nxc6 bxc6 26. Qxc6+ Ke7 27.
Re1+ Kf7 28. Qxa8 Rg8 29. Rc5 Bd7 30. Qd5+ Kg7 31. Qxd7+ 1-0

[Event "Challenge"]
[Site "http://www.queenalice.com/game.php?id=364167"]
[Date "2008.3.2"]
[Round "-"]
[White "MurielleLyon"]
[Black "Mike36bh"]
[Result "1-0"]
[WhiteElo "1604"]
[BlackElo "1768"]

1. e4 e5 2. d3 h6 3. Be3 d5 4. exd5 Qxd5 5. Nc3 Qd8 6. Nf3 Nc6 7. Ne4 Be7 8. Qd2
Nf6 9. Nh4 Nxe4 10. dxe4 Bxh4 11. g3 Be7 12. O-O-O Qxd2+ 13. Rxd2 O-O 14. f4 Be6
15. Kb1 a6 16. Rg1 b5 17. g4 b4 18. h3 a5 19. Bb5 Nd4 20. Ba4 c5 21. f5 Bc8 22.
c3 bxc3 23. bxc3 Rb8+ 24. Kc1 Nf3 25. Rgd1 Nxd2 26. Rxd2 f6 27. Bb3+ Kh8 28. c4
Ra8 29. Ba4 Ba6 30. Bb3 Bb7 31. Rd7 Bxe4 32. Rxe7 a4 33. Bd1 Rfc8 34. a3 Bd3 35.
h4 Bxc4 36. g5 fxg5 37. hxg5 hxg5 38. Bxg5 Rg8 39. Rxe5 Rac8 40. Re4 Bb3 41.
Rh4# 1-0

[Event "Challenge"]
[Site "http://www.queenalice.com/game.php?id=367225"]
[Date "2008.3.7"]
[Round "-"]
[White "MurielleLyon"]
[Black "berguette"]
[Result "0-1"]
[WhiteElo "1556"]
[BlackElo "1419"]

1. e4 e5 2. d3 Nc6 3. Be3 Be7 4. Nc3 Nf6 5. Nf3 O-O 6. Nh4 d6 7. Nf5 Nb4 8. a3
Nc6 9. Qf3 d5 10. Qg3 g6 11. Nh4 Nh5 12. Qf3 Bxh4 13. Nxd5 Be6 14. O-O-O a5 15.
Bc5 Qg5+ 16. Kb1 Rfd8 17. g3 Bg4 18. Be2 Bxf3 19. Bxf3 Nd4 20. gxh4 Qxh4 21. Bg2
b6 22. Ne7+ Kg7 23. Bxd4 Kf8 24. Nc6 Rd7 25. Be3 Rd6 26. Nxe5 Re8 27. d4 f6 28.
Nc4 Rc6 29. b3 b5 30. Nxa5 Ra6 31. Nb7 Rxa3 32. Nc5 Nf4 33. Bf3 Nh3 34. d5 Nxf2
35. Bxf2 Qxf2 36. Ne6+ Ke7 37. Nxc7 Rc8 38. Nxb5 Qxc2# 0-1

[Event "Challenge"]
[Site "http://www.queenalice.com/game.php?id=367229"]
[Date "2008.3.7"]
[Round "-"]
[White "MurielleLyon"]
[Black "Gaelle"]
[Result "0-1"]
[WhiteElo "1578"]
[BlackElo "1431"]

1. e4 e5 2. Bc4 Bc5 3. d3 Na6 4. c3 c6 5. Qf3 d5 6. exd5 Nf6 7. dxc6 Qc7 8. cxb7
Bxb7 9. Qf5 Qd6 10. Nf3 g6 11. Qxe5+ Kd8 12. Qe2 Re8 13. Be3 Ng4 14. Nbd2 Nxe3
15. fxe3 Rxe3 16. d4 Rxe2+ 17. Kxe2 Qe7+ 18. Kf2 Bd6 19. Rhe1 Qf6 20. Re3 Bxh2
21. Rh1 Bf4 22. Re2 Rc8 23. Rxh7 Bxd2 24. Rxd2 Rxc4 25. Rh8+ Qxh8 26. Ng5 Qh2
27. Nxf7+ Ke7 28. Ne5 Qxg2+ 29. Ke1 Qg1+ 30. Ke2 Qh2+ 31. Kd3 Qh1 32. Nxc4 Qe4#
0-1

[Event "Challenge"]
[Site "http://www.queenalice.com/game.php?id=367231"]
[Date "2008.3.7"]
[Round "-"]
[White "MurielleLyon"]
[Black "Matrim"]
[Result "0-1"]
[WhiteElo "1524"]
[BlackElo "1582"]

1. e4 e5 2. Nf3 f6 3. Bc4 d6 4. d3 Bg4 5. Nc3 Bxf3 6. Qxf3 h5 7. Bd2 Ne7 8. Qh3
Nec6 9. Qe6+ Qe7 10. Qf5 Rh6 11. Bxh6 gxh6 12. Qxh5+ Kd8 13. Qg6 Nd4 14. Nd5 Qg7
15. Qxg7 Bxg7 16. O-O Nxc2 17. Rac1 Nd4 18. Rfe1 h5 19. b4 Bh6 20. Rcd1 Nc2 21.
Re2 Nd4 22. Ree1 Nc2 23. Re2 Na3 24. Bb3 Na6 25. Ba4 c6 26. Nxf6 b5 27. Bb3 Nxb4
28. Nxh5 c5 29. Re3 Bxe3 30. fxe3 c4 31. dxc4 bxc4 32. Ba4 Ke7 33. Rc1 Rc8 34.
Rc3 Nb1 35. Rc1 Nd2 36. Ng3 c3 37. a3 Nd3 38. Rc2 Nb1 39. Ra2 Nb2 40. Bb3 c2 41.
Bxc2 Rxc2 42. h4 Rc1+ 43. Kh2 Nd3 44. h5 Kf7 45. Nf5 Nc3 46. Rd2 Nc5 47. Nxd6+
Kg7 48. Rd5 Nxd5 49. exd5 e4 50. Ne8+ Kh6 51. Nf6 Re1 52. d6 Rd1 53. d7 Nxd7 54.
Nxe4 Kxh5 55. Nf2 Ra1 0-1

[Event "Challenge"]
[Site "http://www.queenalice.com/game.php?id=367233"]
[Date "2008.3.7"]
[Round "-"]
[White "MurielleLyon"]
[Black "patrick"]
[Result "0-1"]
[WhiteElo "1510"]
[BlackElo "1479"]

1. e4 e5 2. Bc4 Nf6 3. Qf3 h5 4. Qf5 d5 5. Qxe5+ Be6 6. exd5 Nbd7 7. Qe2 Ng4 8.
Nh3 c6 9. dxe6 fxe6 10. Bxe6 Nde5 11. Nf4 Rh6 12. Nc3 Qd6 13. Ne4 Qe7 14. Bg8
Rd8 15. c3 g5 16. Nh3 Nd3+ 17. Kd1 Nge5 18. Nexg5 Rhd6 19. b3 Bh6 20. Ne4 Nf4
21. Qf1 Qg7 22. Nxd6+ Rxd6 23. Ba3 Rd8 24. Bc4 Qd7 25. d4 c5 26. Qe1 cxd4 27.
Qd2 dxc3 28. Qxd7+ Rxd7+ 29. Kc2 Ne2 30. Rhe1 Rd2+ 31. Kb1 Bf8 32. Bxe2 Bxa3 33.
Bxh5+ Kf8 0-1

[Event "Challenge"]
[Site "http://www.queenalice.com/game.php?id=367239"]
[Date "2008.3.7"]
[Round "-"]
[White "MurielleLyon"]
[Black "Chrischi"]
[Result "0-1"]
[WhiteElo "1617"]
[BlackElo "1547"]

1. e4 e5 2. Bc4 Nf6 3. d3 d5 4. exd5 Nxd5 5. Nf3 Nc6 6. Qe2 Nf4 7. Nc3 Nxe2 8.
Nxe2 Nd4 9. Nexd4 exd4 10. Bg5 Be7 11. h4 Bg4 12. Ne5 O-O 13. f3 Be6 14. O-O-O
Bxc4 15. Nxc4 Bxg5+ 16. hxg5 Qxg5+ 17. Kb1 b5 18. Na5 Qxg2 19. Rdg1 Qxf3 20. Rh4
c5 21. Nc6 Qxc6 22. Rxh7 Kxh7 23. b3 c4 24. Rg4 c3 25. Rxd4 Qh1# 0-1

[Event "Challenge"]
[Site "http://www.queenalice.com/game.php?id=368506"]
[Date "2008.3.10"]
[Round "-"]
[White "MurielleLyon"]
[Black "jojo2017"]
[Result "0-1"]
[WhiteElo "1627"]
[BlackElo "1948"]

1. e4 e5 2. Bb5 Bc5 3. Nf3 a6 4. Ba4 a5 5. Nxe5 c6 6. d3 b5 7. Bb3 d5 8. Qh5 g6
9. Qf3 Nf6 10. Bg5 Be7 11. exd5 a4 12. d6 Qxd6 13. Nxf7 Qd4 14. Nxh8 axb3 15.
O-O Qxb2 16. Nd2 Bg4 17. Qe3 Nd5 18. Qe4 Bf5 19. Qe2 Qxh8 20. Rab1 h6 21. Bh4 g5
22. Bg3 Nc3 23. Qe5 Qxe5 24. Bxe5 Nxb1 25. Rxb1 bxa2 26. Rc1 Nd7 27. Bg7 Nf6 28.
Nb3 Ba3 29. Ra1 Bb2 30. Bxf6 Bxf6 31. d4 Be6 0-1

[Event "Challenge"]
[Site "http://www.queenalice.com/game.php?id=368529"]
[Date "2008.3.10"]
[Round "-"]
[White "Mike36bh"]
[Black "MurielleLyon"]
[Result "1-0"]
[WhiteElo "1823"]
[BlackElo "1584"]

1. d4 d5 2. Nc3 e6 3. a3 Nc6 4. Bf4 e5 5. dxe5 Nge7 6. e6 fxe6 7. Nb5 e5 8. Bg5
Na5 9. e3 g6 10. Nc3 Nc4 11. Bxc4 dxc4 12. Qxd8+ Kxd8 13. Nf3 Bg7 14. Nd5 Bf8
15. Nxe5 h6 16. Bxe7+ Bxe7 17. Nf7+ Kd7 18. Nxh8 Bc5 19. Nxg6 Kd6 20. e4 Bd4 21.
O-O Be6 22. c3 Be5 23. Nxe5 Kxe5 24. Nxc7 Rg8 25. Nxe6 Kxe6 26. f4 b5 27. Rad1
a5 28. Rd5 Rb8 29. f5+ Ke7 30. f6+ Kf8 31. e5 h5 32. f7 h4 33. e6 Rb7 34. Rd7
1-0

[Event "Challenge"]
[Site "http://www.queenalice.com/game.php?id=368530"]
[Date "2008.3.10"]
[Round "-"]
[White "MurielleLyon"]
[Black "Mike36bh"]
[Result "0-1"]
[WhiteElo "1598"]
[BlackElo "1816"]

1. e4 e5 2. Bb5 a6 3. Ba4 b5 4. Bb3 Nf6 5. d3 h6 6. Bd2 Bc5 7. Ba5 O-O 8. Nd2
Nc6 9. Bc3 b4 10. Bxe5 Nxe5 11. Qe2 d6 12. Nh3 Bxh3 13. gxh3 Qd7 14. Qf1 a5 15.
c3 bxc3 16. bxc3 Ba7 17. Qg2 Nxd3+ 18. Kd1 Nxf2+ 19. Kc1 Nxh1 20. Qxh1 a4 21.
Bc2 Qxh3 22. c4 Qc3 23. Rb1 Be3 24. Qd1 Nxe4 25. Rb7 Bxd2+ 26. Kb1 Rab8 27. Rb5
Rxb5+ 28. cxb5 Qb4+ 29. Bb3 Nc3+ 30. Kc2 Nxd1 31. Kxd1 axb3 32. axb3 Qxb3+ 0-1

[Event "Challenge"]
[Site "http://www.queenalice.com/game.php?id=371301"]
[Date "2008.3.15"]
[Round "-"]
[White "kfe"]
[Black "MurielleLyon"]
[Result "1-0"]
[WhiteElo "1654"]
[BlackElo "1535"]

1. c4 c5 2. e4 Qa5 3. Qh5 Nf6 4. Qf3 e6 5. Nh3 Bd6 6. Nf4 Nc6 7. Qg3 g6 8. Qh4
Nxe4 9. Nxg6 fxg6 10. Qxe4 Nb4 11. Na3 Rf8 12. Qh4 Rf7 13. Be2 a6 14. O-O Rf5
15. Qxh7 Rf6 16. d3 b6 17. Bd2 Be5 18. Rab1 b5 19. Bh6 Nxa2 20. Rbe1 Bxb2 21.
Qh8+ Kf7 22. Qf8# 1-0

[Event "Challenge"]
[Site "http://www.queenalice.com/game.php?id=374040"]
[Date "2008.3.20"]
[Round "-"]
[White "Kingswarrior"]
[Black "MurielleLyon"]
[Result "1-0"]
[WhiteElo "1675"]
[BlackElo "1493"]

1. d4 d5 2. Nf3 Bg4 3. Ne5 f6 4. Nxg4 Qd7 5. h3 e6 6. Nc3 Bb4 7. Bd2 Nc6 8. e3
Na5 9. e4 dxe4 10. Nxe4 Qa4 11. b3 Qa3 12. c3 Be7 13. Bc1 Nxb3 14. Bxa3 Nxa1 15.
Bxe7 Kxe7 16. Nd2 f5 17. Ne5 Nf6 18. Qxa1 1-0

[Event "Challenge"]
[Site "http://www.queenalice.com/game.php?id=376477"]
[Date "2008.3.24"]
[Round "-"]
[White "MurielleLyon"]
[Black "cowgirl"]
[Result "0-1"]
[WhiteElo "1481"]
[BlackElo "1885"]

1. e4 e5 2. Bb5 c6 3. Ba4 Nf6 4. d3 Bc5 5. Nf3 d6 6. Bg5 Bg4 7. O-O O-O 8. Nbd2
Nbd7 9. Nc4 b5 10. Bb3 bxc4 11. Bxc4 Qb6 12. b3 d5 13. h3 Bxf3 14. gxf3 dxc4 15.
dxc4 Bd4 16. Rb1 Rad8 17. a4 h6 18. Bh4 g5 19. Bg3 Nh5 20. Bh2 Ndf6 21. b4 Bxf2+
22. Rxf2 Rxd1+ 23. Rxd1 Nf4 24. Kf1 Nxh3 25. Rfd2 Nf4 26. c3 Qe3 27. Bg1 Qxf3+
28. Ke1 Ng2+ 0-1

[Event "cowgirl"]
[Site "http://www.queenalice.com/game.php?id=380516"]
[Date "2008.4.1"]
[Round "1"]
[White "AuntieRenie"]
[Black "MurielleLyon"]
[Result "1-0"]
[WhiteElo "1478"]
[BlackElo "1461"]

1. c4 e5 2. Nc3 d6 3. Nf3 Bg4 4. d4 f6 5. Qa4+ Bd7 6. Qb4 Qc8 7. e3 Nc6 8. Qb3
Na5 9. Qc2 Ne7 10. Bd3 Nec6 11. d5 Nb4 12. Qd2 1-0